Entrada Encabezamiento temático
Número de registros utilizados en: 1
001 - NÚMERO DE CONTROL
- campo de control: 2073
003 - IDENTIFICADOR DEL NÚMERO DE CONTROL
- campo de control: vecauma
005 - FECHA Y HORA DE LA ÚLTIMA TRANSACCIÓN
- campo de control: 20220915175731.0
008 - DATOS DE LONGITUD FIJA
- campo de control de longitud fija: 220726|| aca||aabn | a|a d
040 ## - FUENTE DE LA CATALOGACIÓN
- Centro catalogador/agencia de origen: vecauma
053 ## - Número de clasificación LC
- Número de clasificación–único número o número inicial: BD215
- Categoría temática: Filosofía
053 ## - Número de clasificación LC
- Número de clasificación–único número o número inicial: BF773
- Categoría temática: Psicología
150 ## - Materia
- Encabezamiento temático: CREENCIA Y DUDA
450 ## - REFERENCIA DE “VEASE” MATERIA
- Encabezamiento temático: Belief and doubt
450 ## - REFERENCIA DE “VEASE” MATERIA
- Encabezamiento temático: Creencia
450 ## - REFERENCIA DE “VEASE” MATERIA
- Encabezamiento temático: Duda
550 ## - REFERENCIA DE "VEASE ADEMAS" MATERIA
- Encabezamiento temático: EMOCIONES
- Subcampo de control : g
550 ## - REFERENCIA DE "VEASE ADEMAS" MATERIA
- Encabezamiento temático: EPISTEMOLOGIA
- Subcampo de control : g
550 ## - REFERENCIA DE "VEASE ADEMAS" MATERIA
- Encabezamiento temático: FILOSOFIA
- Subcampo de control : g
550 ## - REFERENCIA DE "VEASE ADEMAS" MATERIA
- Encabezamiento temático: PSICOLOGIA
- Subcampo de control : g
550 ## - REFERENCIA DE "VEASE ADEMAS" MATERIA
- Encabezamiento temático: RELIGION
- Subcampo de control : g
550 ## - REFERENCIA DE "VEASE ADEMAS" MATERIA
- Encabezamiento temático: VOLUNTAD
- Subcampo de control : g
550 ## - REFERENCIA DE "VEASE ADEMAS" MATERIA
- Encabezamiento temático: AGNOSTICISMO
550 ## - REFERENCIA DE "VEASE ADEMAS" MATERIA
- Encabezamiento temático: FE
550 ## - REFERENCIA DE "VEASE ADEMAS" MATERIA
- Encabezamiento temático: VERDAD
670 ## - FUENTE EN LA QUE SE LOCALIZARON DATOS
- Cita de la fuente: Catálogo de Autoridades de la Biblioteca Nacional de España, 2022
- Información localizada: (Creencia y duda)
670 ## - FUENTE EN LA QUE SE LOCALIZARON DATOS
- Cita de la fuente: Catálogo de Autoridades de la Biblioteca del Congreso, 2022
- Información localizada: (Belief and doubt)
680 ## - NOTA GENERAL CON DESPLIEGUE AL PUBLICO
- Texto explicativo: Bajo este encabezamiento se ingresan las obras sobre la creencia desde un punto de vista filosófico. Para obras sobre la fe desde un punto de vista religioso, véase: Fe
